| 000 | 00594nam a2200193 a 4500 | ||
|---|---|---|---|
| 001 | 000030751 | ||
| 003 | DO-SdBNP | ||
| 005 | 20180409134918.0 | ||
| 007 | 000030751 | ||
| 008 | 110527s19uu dr 000 0 spa d | ||
| 040 |
_aBPMET _bspa _cBPMET |
||
| 245 | 0 | 0 | _a¡Basta ya de violencia contra nosotras! |
| 260 |
_a[Santo Domingo] : _bCentro de Orientación e Investigación Integral, _c[199?]. |
||
| 300 |
_a[9] p. ; _c21 cm. |
||
| 942 |
_2ddc _cBK |
||
| 945 | _aRemanejado para la BNPHU, 2018 /BT | ||
| 956 |
_aIGARCIA _b10 _c20110527 _lBND01 _h1019 |
||
| 956 |
_aVMATEO _b10 _c20110530 _lBND01 _h1147 |
||
| 999 |
_c7806 _d7806 |
||